UM Logo

An examination of the interaction effects of hospitality employees' motivational and cultural factors in the workplace / (Record no. 21010)

MARC details
000 -LEADER
fixed length control field 01094nam a22002537a 4500
003 - CONTROL NUMBER IDENTIFIER
control field OSt
005 - DATE AND TIME OF LATEST TRANSACTION
control field 20260319192330.0
008 - FIXED-LENGTH DATA ELEMENTS--GENERAL INFORMATION
fixed length control field 240828b ||||| |||| 00| 0 eng d
040 ## - CATALOGING SOURCE
Transcribing agency 0
082 ## - DEWEY DECIMAL CLASSIFICATION NUMBER
Edition number DPer 647.94068 In821 2022 v. 23 n. 1-4
100 ## - MAIN ENTRY--PERSONAL NAME
Personal name Zheng, Tony Minghao.
Relator term author.
9 (RLIN) 59299
245 ## - TITLE STATEMENT
Title An examination of the interaction effects of hospitality employees' motivational and cultural factors in the workplace /
Statement of responsibility, etc. Tony Minghao Zheng, Dan Zhu, Peter Beomcheol Kim, and David Williamson.
260 ## - PUBLICATION, DISTRIBUTION, ETC. (IMPRINT)
Place of publication, distribution, etc. United Kingdom :
Name of publisher, distributor, etc. Taylor & Francis Group, LLC ,
Date of publication, distribution, etc. 2022.
300 ## - PHYSICAL DESCRIPTION
Extent Volume 23, pages 517-545 :
Other physical details illustration ;
Dimensions 26 cm.
500 ## - GENERAL NOTE
General note International Journal of Hospitality & Tourism Administration, vol. 23, no. 3, pages 517-545, 2022.
650 #0 - SUBJECT ADDED ENTRY--TOPICAL TERM
Topical term or geographic name as entry element Hospitality industry.
9 (RLIN) 47528
650 #0 - SUBJECT ADDED ENTRY--TOPICAL TERM
Topical term or geographic name as entry element Employee motivation.
9 (RLIN) 8498
650 #0 - SUBJECT ADDED ENTRY--TOPICAL TERM
Topical term or geographic name as entry element Power distance.
9 (RLIN) 67703
700 ## - ADDED ENTRY--PERSONAL NAME
Personal name Zheng, Tony Minghao.
Relator term author.
9 (RLIN) 59299
700 ## - ADDED ENTRY--PERSONAL NAME
Personal name Dan Zhu
Relator term author.
9 (RLIN) 59300
700 ## - ADDED ENTRY--PERSONAL NAME
Personal name Kim, Peter Beomcheo.
Relator term author.
9 (RLIN) 59301
700 ## - ADDED ENTRY--PERSONAL NAME
Personal name Williamson, David.
Relator term author.
9 (RLIN) 59302
942 ## - ADDED ENTRY ELEMENTS (KOHA)
Source of classification or shelving scheme Dewey Decimal Classification
Koha item type Periodicals
Holdings
Withdrawn status Lost status Source of classification or shelving scheme Damaged status Not for loan Collection code Home library Current library Date acquired Total Checkouts Full call number Date last seen Price effective from Koha item type Public note
    Dewey Decimal Classification     Periodicals UM Digos College - LIC UM Digos College - LIC 08/28/2024   DPer 647.94068 In821 2022 v. 23 n. 1-4 08/28/2024 08/28/2024 Periodicals Periodical Article